L'Alcalde a Catalunya / Jaume Magre Ferran
ISBN:
84-7794-626-4
Descripción Física:
338 p. ; 23 cm
Colección:
Workshop Barcelona ; 9
Materias:
Alcaldes -- Catalunya
MARC
| LEADER | 00000nam a2200000Ia 4500 | ||
|---|---|---|---|
| 001 | 12263 | ||
| 008 | 160829s1999 xx 000 0 cat d | ||
| 020 | |a 84-7794-626-4 | ||
| 080 | |a M-2-102 | ||
| 100 | |a Magre Ferran, Jaume |9 1215 | ||
| 245 | |a L'Alcalde a Catalunya / Jaume Magre Ferran | ||
| 260 | |a Barcelona : |b ICPS. Institut de Ciències Polítiques i Socials, |c 1999 | ||
| 300 | |a 338 p. ; |c 23 cm | ||
| 490 | |a Workshop Barcelona ; 9 | ||
| 650 | |a Alcaldes |x Catalunya |9 39262 | ||
| 710 | 2 | |a Institut de Ciències Polítiques i Socials (Barcelona, Catalunya) |9 55871 | |
| 901 | |a Arxiu | ||
| 942 | |n 1 | ||
| 952 | |0 0 |1 0 |4 0 |6 M2102 |7 1 |9 48897 |a Arxiu |b Arxiu |d 2016-12-01 |l 0 |o M-2-102 |p 12263 |r 2016-12-01 00:00:00 |w 2016-12-01 |y ARXIU | ||
| 999 | |c 52732 |d 52732 | ||